Status of Women in India : Education , Employment & Health - Vol. I (Record no. 47063)
[ view plain ]
| 000 -LEADER | |
|---|---|
| fixed length control field | 00504nam a2200169Ia 4500 |
| 008 - FIXED-LENGTH DATA ELEMENTS--GENERAL INFORMATION | |
| fixed length control field | 220531s9999 xx 000 0 und d |
| 041 ## - LANGUAGE CODE | |
| Language code of text/sound track or separate title | eng |
| 082 ## - DEWEY DECIMAL CLASSIFICATION NUMBER | |
| Item number | STA / DRI |
| 100 ## - MAIN ENTRY--PERSONAL NAME | |
| Personal name | Drishti Stree Adhyayan Prabodhan Kendra |
| 9 (RLIN) | 85637 |
| 245 ## - TITLE STATEMENT | |
| Title | Status of Women in India : Education , Employment & Health - Vol. I |
| 260 ## - PUBLICATION, DISTRIBUTION, ETC. (IMPRINT) | |
| Place of publication, distribution, etc. | Pune |
| Name of publisher, distributor, etc. | Drishti Abhyas Adhyayan Kendra |
| Date of publication, distribution, etc. | 2019 |
| 300 ## - PHYSICAL DESCRIPTION | |
| Extent | XL11 |
| 542 ## - INFORMATION RELATING TO COPYRIGHT STATUS | |
| Copyright holder | 29-01-2020 |
| 650 ## - SUBJECT ADDED ENTRY--TOPICAL TERM | |
| Topical term or geographic name as entry element | Sociology |
| 9 (RLIN) | 85638 |
| 906 ## - LOCAL DATA ELEMENT F, LDF (RLIN) | |
| d | 2019-2020 |
| f | 18383 |
| Withdrawn status | Lost status | Source of classification or shelving scheme | Damaged status | Not for loan | Collection code | Home library | Current library | Date acquired | Vendor | Cost, normal purchase price | Total Checkouts | Total Holds | Full call number | Barcode | Date last seen | Cost, replacement price | Bill Date | Koha item type | Original Barcode |
|---|---|---|---|---|---|---|---|---|---|---|---|---|---|---|---|---|---|---|---|
| Dewey Decimal Classification | Shri Siddhivinayak Mahila Mahavidyalaya | Shri Siddhivinayak Mahila Mahavidyalaya | 29/01/2020 | Drishti | 1000.00 | 1 | /STA/DRI/B/22872 | SSMM-BK-22872 | 06/08/2022 | 1000.00 | 06/08/2022 | Books | 010022872 |